Exportní příležitosti: Keňa
Stručná ekonomická charakteristika Kene, politická situácia. Obchodné vzťahy Česka a Kene. Exportné príležitosti českých vývozcov aj po vstupe Česka do EÚ. Špecifiká trhu. Informácie pre cestovateľov.
Saved in:
| Main Author: | |
|---|---|
| Format: | Book Chapter |
| Language: | Czech |
| Subjects: | |
| Tags: |
No Tags, Be the first to tag this record!
|
MARC
| LEADER | 00000naa$a2200000$$$4500 | ||
|---|---|---|---|
| 001 | 0010268 | ||
| 005 | 20230908091037.1 | ||
| 041 | 0 | |a cze | |
| 044 | |a CZ | ||
| 245 | 1 | 0 | |a Exportní příležitosti: Keňa |c aut. Petr Kvaček |
| 520 | |a Stručná ekonomická charakteristika Kene, politická situácia. Obchodné vzťahy Česka a Kene. Exportné príležitosti českých vývozcov aj po vstupe Česka do EÚ. Špecifiká trhu. Informácie pre cestovateľov. | ||
| 610 | 2 | 0 | |a obchod zahraničný |
| 610 | 2 | 0 | |a styk zahraničnoobchodný |
| 610 | 2 | 0 | |a Keňa |
| 610 | 2 | 0 | |a Česko |
| 610 | 2 | 0 | |a vývoz |
| 610 | 2 | 0 | |a trh zahraničný |
| 100 | 1 | |a Kvaček, Petr | |